Hermandat del Patronat S. E. de Obreres del Poblet : (barriada de la Sagrada Família) : és la millor germandat per les obreres! (barriada de la Sagrada Família) :
Descripción Física:
[1] f. ; 21 cm
MARC
| LEADER | 00000nam a2200000Ia 4500 | ||
|---|---|---|---|
| 001 | 19381 | ||
| 008 | 160829s1912 xx 000 0 cat d | ||
| 080 | |a 3402, exp. 1 | ||
| 100 | |a Patronat Social Escolar d'Obreres de Poblet |9 48375 | ||
| 245 | |a Hermandat del Patronat S. E. de Obreres del Poblet : |b (barriada de la Sagrada Família) : |b és la millor germandat per les obreres! | ||
| 260 | |a Barcelona : |b Imp. P. Sanmartí, |c 1912 | ||
| 300 | |a [1] f. ; |c 21 cm | ||
| 650 | |a Patronat Social Escolar d'Obreres de Poblet |9 48375 | ||
| 901 | |a Arxiu | ||
| 942 | |n 1 | ||
| 952 | |0 0 |1 0 |4 0 |6 3402_EXP_1 |7 1 |9 54521 |a Arxiu |b Arxiu |d 2016-12-01 |l 0 |o 3402, exp. 1 |p 19381 |r 2016-12-01 00:00:00 |w 2016-12-01 |y ARXIU | ||
| 999 | |c 58390 |d 58390 | ||